Jedno z najkrajších kúpalísk

Bibliographic Details
Format: Article
Language:Slovak
PhysicalDescription:Fotogr.
Subjects:

MARC

LEADER 00000nab a2200000 a 4500
001 vtls008162058
003 SK-MaSNL
005 20260305025355.0
008 050622 2004 xo w n 000 0 slo
015 |a SLLK2004  |2 sllk 
040 |a SLLK  |b slo  |c SLLK  |e AACR2 
041 0 |a slo 
044 |a xo  |c SK 
080 |a 615.838(091)  |2 UDC-MRF-SK2 
245 0 0 |a Jedno z najkrajších kúpalísk  |c [autor] (mv) 
300 |b Fotogr. 
610 2 7 |a Kúpele Vyšné Ružbachy (Slovensko)  |2 snkbucl  |9 59276 
650 0 7 |a dejiny kúpeľníctva  |2 snkbucl  |9 263415 
651 7 |a Vyšné Ružbachy (Slovensko)  |2 sllk  |9 22374 
651 7 |a Stará Ľubovňa (Slovensko : okres)  |2 sllk  |9 19196 
773 0 |t Ľubovnianske noviny  |g Roč. XXX, č. 43 (28.10.2004), s. [2] 
852 |a SLLK  |b KIS3GCP 
999 |c 3305437  |d 3307367